[Event "Summer Prague Open 2023 - A"]
[Site "Olympik hotel, Sokolovska 138, Praha"]
[Date "2023.08.10"]
[Round "8"]
[Board "2"]
[White "Kolodziejski, Piotr"]
[Black "Peil, Christoph"]
[Result "1-0"]
[WhiteElo "2116"]
[BlackElo "2293"]
[PlyCount "0"]
[EventDate "2023.08.04"]
[EventRounds "9"]
[EventCountry "CZE"]

1. e4 c5 2. Nf3 Nc6 3. d4 cxd4 4. Nxd4 Nf6 5. Nc3 e5 6. Ndb5 d6 7. Bg5 a6 8. Na3
b5 9. Nd5 Be7 10. Bxf6 Bxf6 11. c4 b4 12. Nc2 O-O 13. g3 a5 14. h4 Be6 15. Bh3 g6
16. Kf1 Ra7 17. Kg2 Bg7 18. h5 Qg5 19. Qc1 Qxc1 20. Raxc1 Rb8 21. Nce3 Nd4 22. c5
dxc5 23. Rxc5 Bf8 24. Rc4 f5 25. Rhc1 Bd6 26. Rd1 b3 27. a4 Kf7 28. f4 Bxd5 29. Nxd5
Nc2 30. hxg6+ hxg6 31. exf5 exf4 32. fxg6+ Kg7 33. gxf4 Rb4 34. Rxb4 axb4 35. Kf3
Kxg6 36. Be6 Bc5 37. f5+ Kg5 38. Ke4 Rxa4 39. f6 Ra6 40. Bf5 Ra8 41. Nc7 Rh8 42.
Ke5 Bd4+ 43. Ke6 Bxb2 44. Rg1+ Kf4 45. Nd5+ Kf3 46. Bg4+ Kf2 47. Rb1 Bc3 48. f7 b2
49. Nf6 Rf8 50. Ke7 Na3 51. Rxb2+ Bxb2 52. Ne4+ Ke3 53. Kxf8 Kxe4 54. Kg8 Bc1 55.
f8=Q b3 56. Qf3+ Kd5  1-0

[Event "Summer Prague Open 2023 - A"]
[Site "Olympik hotel, Sokolovska 138, Praha"]
[Date "2023.08.10"]
[Round "8"]
[Board "3"]
[White "Pulpan, Jakub"]
[Black "Neuman, Petr"]
[Result "1/2-1/2"]
[WhiteElo "2417"]
[BlackElo "2370"]
[PlyCount "0"]
[EventDate "2023.08.04"]
[EventRounds "9"]
[EventCountry "CZE"]

1. e4 c5 2. Nf3 Nc6 3. d4 cxd4 4. Nxd4 Nf6 5. Nc3 e5 6. Ndb5 d6 7. Bg5 a6 8. Na3
b5 9. Nd5 Be7 10. Bxf6 Bxf6 11. c3 O-O 12. Nc2 Rb8 13. Qf3 Bg5 14. h4 Bh6 15. g4
Bf4 16. Be2 a5 17. a3 Be6 18. Nxf4 exf4 19. Qxf4 b4 20. axb4 axb4 21. Nd4 Ne5 22.
Qg3 Qc8 23. f4 Nc4 24. cxb4 Qb7 25. O-O Qxe4 26. Qd3 Qxd3 27. Bxd3 Nxb2 28. Bb5 Bc4
29. Rfb1 Bxb5 30. Nxb5 Nd3 31. Nxd6 Rxb4  1/2-1/2

[Event "Summer Prague Open 2023 - A"]
[Site "Olympik hotel, Sokolovska 138, Praha"]
[Date "2023.08.10"]
[Round "8"]
[Board "4"]
[White "Kwon, Sehyun"]
[Black "Jurcik, Marian"]
[Result "1/2-1/2"]
[WhiteElo "2274"]
[BlackElo "2411"]
[PlyCount "0"]
[EventDate "2023.08.04"]
[EventRounds "9"]
[EventCountry "CZE"]

1. d4 d5 2. c4 dxc4 3. Nf3 a6 4. Nc3 Nf6 5. e4 b5 6. e5 Nd5 7. a4 e6 8. axb5 Nb6
9. Be2 Be7 10. Be3 Bb7 11. O-O O-O 12. Qd2 axb5 13. Rxa8 Bxa8 14. Nxb5 Qd7 15. Nc3
Nc6 16. Rd1 Nb4 17. Ng5 N4d5 18. Qc2 g6 19. Bc1 Bc6 20. Nge4 Nxc3 21. Nxc3 Ra8 22.
Bh6 Ba4 23. Nxa4 Qxa4 24. Qxa4 Rxa4 25. Rc1 f5 26. exf6 Bxf6 27. Be3 Kf7 28. g4 Ke7
29. Bd1 Rb4 30. Rc2 Nd5 31. Be2 Rb3 32. g5 Bg7 33. Rxc4 Rxb2 34. Bf3 Kd7 35. h4 Rb3
36. Bxd5 exd5 37. Rc5 c6 38. Ra5 Rb7 39. Ra8 Ke6 40. Rc8 Kd7 41. Rg8 Ke6 42. Rc8
Kd7 43. Rg8 Ke6 44. Kg2 Kf7 45. Rc8 Rb4 46. Rc7+ Kg8 47. Rc8+ Kf7 48. Rc7+  1/2-1/2

[Event "Summer Prague Open 2023 - A"]
[Site "Olympik hotel, Sokolovska 138, Praha"]
[Date "2023.08.10"]
[Round "8"]
[Board "5"]
[White "Schirm, Friedmar"]
[Black "Pap, Gyula"]
[Result "0-1"]
[WhiteElo "2235"]
[BlackElo "2429"]
[PlyCount "0"]
[EventDate "2023.08.04"]
[EventRounds "9"]
[EventCountry "CZE"]

1. Nf3 d5 2. d4 Nf6 3. g3 e6 4. Bg2 Be7 5. O-O O-O 6. c4 Nbd7 7. Qc2 a5 8. Nbd2 c5
9. Rd1 a4 10. e4 cxd4 11. Nxd4 Bc5 12. N2f3 Nxe4 13. Be3 Qf6 14. h4 e5 15. Ne2 Bxe3
16. fxe3 Qh6 17. cxd5 Qxe3+ 18. Kh2 Ndf6 19. Nxe5 Re8 20. Rd3 Qa7 21. Bxe4 Rxe5 22.
Bf3 Qf2+ 23. Kh1 Bf5  0-1

[Event "Summer Prague Open 2023 - A"]
[Site "Olympik hotel, Sokolovska 138, Praha"]
[Date "2023.08.10"]
[Round "8"]
[Board "6"]
[White "Matras, Ondrej"]
[Black "Berin, Artem"]
[Result "1-0"]
[WhiteElo "2192"]
[BlackElo "2337"]
[PlyCount "0"]
[EventDate "2023.08.04"]
[EventRounds "9"]
[EventCountry "CZE"]

1. d4 Nf6 2. c4 e6 3. Nc3 Bb4 4. e3 O-O 5. Nge2 c5 6. a3 Bxc3+ 7. Nxc3 cxd4 8. exd4
d5 9. cxd5 Nxd5 10. Bd3 Nc6 11. O-O b6 12. Bc2 Nxc3 13. bxc3 Bb7 14. Qd3 g6 15. Bh6
Re8 16. Rfe1 Rc8 17. Rac1 Na5 18. Qg3 Qc7 19. Qh4 Qe7 20. Bg5 Qxa3 21. Bf6 Rxc3 22.
d5 Rc4 23. Qh6 Qf8 24. Qxf8+ Kxf8 25. d6 Bc6 26. Bd3 Rf4 27. Be5 Rg4 28. g3 Rd8 29.
f4 f6 30. Bb2 Bd5 31. Kf2 Nb3 32. Rc3 g5 33. h3 Rxf4+ 34. gxf4 gxf4 35. Rc7 e5 36.
Bf5 Nc5 37. Ba3 Ne6 38. Rxh7 Ng5 39. Rc7 e4 40. Rg1 e3+ 41. Ke2 Nf3 42. Rg6 Nd4+
43. Kd3  1-0

[Event "Summer Prague Open 2023 - A"]
[Site "Olympik hotel, Sokolovska 138, Praha"]
[Date "2023.08.10"]
[Round "8"]
[Board "7"]
[White "Kawulok, Marek"]
[Black "Vedder, Henk"]
[Result "0-1"]
[WhiteElo "2173"]
[BlackElo "2326"]
[PlyCount "0"]
[EventDate "2023.08.04"]
[EventRounds "9"]
[EventCountry "CZE"]

1. e4 e6 2. d4 d5 3. Bd3 c5 4. exd5 exd5 5. Nf3 c4 6. Be2 Bd6 7. O-O Ne7 8. b3 cxb3
9. axb3 Nbc6 10. c4 O-O 11. Nc3 Bg4 12. h3 Bxf3 13. Bxf3 dxc4 14. bxc4 Nxd4 15. Bxb7
Rb8 16. Be4 f5 17. Be3 Nb3 18. Bd5+ Kh8 19. Rxa7 f4 20. Bd4 Nf5 21. Nb5 f3 22. Bxg7+
Nxg7 23. Qxb3 fxg2 24. Bxg2 Bc5 25. Ra2 Qg5 26. Qc3 Rb6 27. Kh1 Rbf6 28. Nd4 Bd6
29. Qd2 Qh4 30. f4 Nh5 31. Qf2 Ng3+ 32. Kg1 Bc5 33. Qe3 Nxf1 34. Bxf1 Qxf4 35. Qxf4
Rxf4  0-1

[Event "Summer Prague Open 2023 - A"]
[Site "Olympik hotel, Sokolovska 138, Praha"]
[Date "2023.08.10"]
[Round "8"]
[Board "8"]
[White "Yamada, Kohei"]
[Black "von Mettenheim, Johannes"]
[Result "1/2-1/2"]
[WhiteElo "2171"]
[BlackElo "2316"]
[PlyCount "0"]
[EventDate "2023.08.04"]
[EventRounds "9"]
[EventCountry "CZE"]

1. e4 e5 2. Nf3 Nc6 3. Bc4 Nf6 4. d3 Bc5 5. c3 a5 6. O-O d6 7. Re1 O-O 8. h3 h6 9.
d4 Bb6 10. Bb3 Re8 11. Bc2 Bd7 12. a3 Qb8 13. a4 exd4 14. cxd4 Qa7 15. Be3 Nxe4 16.
Nc3 Nf6 17. Qd2 Nb4 18. Bb3 Qa6 19. Rad1 Kh7  1/2-1/2

[Event "Summer Prague Open 2023 - A"]
[Site "Olympik hotel, Sokolovska 138, Praha"]
[Date "2023.08.10"]
[Round "8"]
[Board "9"]
[White "Netusil, Miloslav"]
[Black "Shehzad, Shazil"]
[Result "0-1"]
[WhiteElo "2159"]
[BlackElo "2301"]
[PlyCount "0"]
[EventDate "2023.08.04"]
[EventRounds "9"]
[EventCountry "CZE"]

1. e4 c6 2. Nf3 d5 3. exd5 cxd5 4. Ne5 Nd7 5. d4 e6 6. Bf4 Qb6 7. b3 Ne7 8. Nxd7
Bxd7 9. Be2 Ng6 10. Be3 Nh4 11. O-O Nf5 12. Bd3 g6 13. Bxf5 gxf5 14. Bf4 Bg7 15.
Be5 f6 16. Bg3 O-O 17. a4 Rac8 18. a5 Qc6 19. Na3 Rfd8 20. c4 Be8 21. Nb5 Qd7 22.
Nxa7 Ra8 23. Nb5 e5 24. dxe5 fxe5 25. Bh4 Rdc8 26. Nc3 dxc4 27. Nd5 cxb3 28. Ne7+
Kf8 29. Qxb3 Bf7 30. Qb4 Rc4 31. Qa3 Rxa5 32. Ng6+ Kg8 33. Qxa5 hxg6 34. Bg5 Rg4
35. h4 Qc6 36. f3 Rc4 37. Qd8+ Kh7 38. Rad1 Rd4 39. Qe7 Qd5 40. Rc1 Rc4 41. Rxc4
Qxc4 42. Qxb7 e4 43. Rc1 Qd4+ 44. Kh1 Bd5 45. Bf6 Qxf6 46. Qxd5 Qxh4+ 47. Kg1 e3
48. Rc7 Qf2+ 49. Kh2 Qh4+ 50. Kg1 Qf6 51. Qc4 Qa1+ 52. Kh2 Qe5+ 53. f4 Qd6 54. Rc6
Qe7 55. Qe6 Qh4+ 56. Kg1 Qf2+ 57. Kh1 Qf1+ 58. Kh2 Qxf4+ 59. Kh1 Qg3 60. Rc8 Qh4+
61. Kg1 Qf2+ 62. Kh2 e2  0-1

[Event "Summer Prague Open 2023 - A"]
[Site "Olympik hotel, Sokolovska 138, Praha"]
[Date "2023.08.10"]
[Round "8"]
[Board "10"]
[White "Priehoda, Vitezslav"]
[Black "Ivekovic, Tihana"]
[Result "1/2-1/2"]
[WhiteElo "2254"]
[BlackElo "2117"]
[PlyCount "0"]
[EventDate "2023.08.04"]
[EventRounds "9"]
[EventCountry "CZE"]

1. d4 Nf6 2. c4 e6 3. Nf3 d5 4. Nc3 dxc4 5. e3 a6 6. Bxc4 b5 7. Be2 Bb7 8. O-O Nbd7
9. b3 c5 10. Bb2 Bd6 11. dxc5 Nxc5 12. b4 Nce4 13. Nxe4 Nxe4 14. a4 O-O 15. axb5
axb5 16. Rxa8 Bxa8 17. Qd4 Qf6 18. Ra1 Qxd4 19. Nxd4 Bxb4 20. Nxb5 Nf6 21. Nc7 Bc6
22. Rc1 Bd7 23. Rd1 Bc6 24. Rc1 Bd7 25. Na6 Be7 26. Be5 Rc8 27. Ra1 Bc6 28. f3  1/2-1/2

[Event "Summer Prague Open 2023 - A"]
[Site "Olympik hotel, Sokolovska 138, Praha"]
[Date "2023.08.10"]
[Round "8"]
[Board "11"]
[White "Jovanovski, Teodor"]
[Black "Ahn, Hongjin"]
[Result "0-1"]
[WhiteElo "1829"]
[BlackElo "2240"]
[PlyCount "0"]
[EventDate "2023.08.04"]
[EventRounds "9"]
[EventCountry "CZE"]

1. d4 d6 2. c4 e5 3. Nf3 e4 4. Ng5 f5 5. f3 Be7 6. Nh3 Nf6 7. Nc3 c6 8. e3 O-O 9.
Be2 Na6 10. O-O d5 11. Nf2 Nc7 12. cxd5 cxd5 13. f4 h6 14. g4 fxg4 15. Nxg4 Nxg4
16. Bxg4 Rf6 17. Kh1 Bb4 18. Bd2 Bxc3 19. Bxc3 Bxg4 20. Qxg4 Qc8 21. Qh4 Qf8 22.
Rg1 Rd8 23. Bb4 Qf7 24. Rg2 Ne6 25. Rag1 Kh7 26. Be1 Rc8 27. Bg3 Rf5 28. Qh3 Rh5
29. Qg4 Qf5 30. Qd1 Rf8 31. Be1 Rh3 32. Qe2 Rf6 33. Rg4 Rf7 34. Bb4 h5 35. R4g2 Rf3
36. Bd6 Qh3 37. Rg3 Rxg3 38. Rxg3 Qf5 39. Rg1 Rf6 40. Be5 Rg6 41. Rc1 Nd8 42. Rc5
Rc6 43. b4 b6 44. Rxc6 Nxc6 45. Qg2 g6 46. Qc2 Qh3 47. Qc1 Ne7 48. f5 Qxf5 49. Kg1
Qg4+ 50. Kf2 Kg8 51. Qc7 Qf3+ 52. Ke1 Qxe3+ 53. Kd1 Qd3+ 54. Ke1 e3  0-1

[Event "Summer Prague Open 2023 - A"]
[Site "Olympik hotel, Sokolovska 138, Praha"]
[Date "2023.08.10"]
[Round "8"]
[Board "12"]
[White "Levitan, Tal"]
[Black "Beeck, Mats"]
[Result "1-0"]
[WhiteElo "2321"]
[BlackElo "2180"]
[PlyCount "0"]
[EventDate "2023.08.04"]
[EventRounds "9"]
[EventCountry "CZE"]

1. e4 c5 2. Nf3 e6 3. g3 Nc6 4. Bg2 Nf6 5. Qe2 e5 6. c3 d6 7. O-O g6 8. d3 Bg7 9.
h3 O-O 10. Bg5 Be6 11. Nbd2 Qd7 12. Kh2 Ne8 13. Ng1 f5 14. exf5 Rxf5 15. Ne4 Nc7
16. g4 Rff8 17. Bd2 Kh8 18. f4 exf4 19. Kh1 Nd5 20. Nf3 Rae8 21. Qf2 b6 22. Neg5
Bg8 23. Nxh7 Bxh7 24. Ng5 f3 25. Bxf3 Bh6 26. Qh4 Bxg5 27. Bxg5 Qf7 28. Bg2 Qe6 29.
Rae1 Rxf1+ 30. Rxf1 Kg8 31. c4 Nde7 32. Re1 Ne5 33. Bf6 Qf7 34. Rf1 g5 35. Bxg5 N5g6
36. Qe1 Nf5 37. Qf2 Re2 38. Qxf5 Qxf5 39. gxf5 Ne5 40. Bd5+ Nf7 41. Bh6  1-0

[Event "Summer Prague Open 2023 - A"]
[Site "Olympik hotel, Sokolovska 138, Praha"]
[Date "2023.08.10"]
[Round "8"]
[Board "13"]
[White "Krause, Benedict"]
[Black "Hajiyev, Kanan"]
[Result "1-0"]
[WhiteElo "2409"]
[BlackElo "2109"]
[PlyCount "0"]
[EventDate "2023.08.04"]
[EventRounds "9"]
[EventCountry "CZE"]

1. e4 c6 2. d4 d5 3. exd5 cxd5 4. Bd3 Nc6 5. c3 Qc7 6. h3 g6 7. Ne2 Bf5 8. Bxf5 gxf5
9. Bf4 Qd7 10. Nd2 Nf6 11. Nf3 Ne4 12. Ne5 Nxe5 13. dxe5 Bg7 14. O-O O-O 15. Nd4
e6 16. f3 f6 17. fxe4 fxe5 18. Bxe5 Bxe5 19. exf5 exf5 20. Nxf5 Kh8 21. Qh5 Qf7 22.
Qxf7 Rxf7 23. Rad1 Rd7 24. Rd3 Rf8 25. Ne3 Rxf1+ 26. Kxf1 d4 27. Nf5 Rf7 28. g4 h5
29. cxd4 Bf6 30. Ke2 Kh7 31. Kf3 Kg6 32. b3 Rc7 33. d5 b5 34. d6 Rc2 35. d7 Bd8 36.
Nd4 Rxa2 37. Nxb5 hxg4+ 38. hxg4 Kf6 39. Nd6 Ke6 40. Nb7 Ke7 41. Re3+ Kxd7 42. Rd3+
Ke7 43. Nxd8 a5 44. Nc6+ Ke6 45. Kf4 a4 46. bxa4 Rxa4+ 47. Rd4 Ra6 48. Re4+ Kf7 49.
Ne5+ Kg7 50. g5 Ra1 51. Rb4 Rf1+ 52. Nf3 Rf2 53. Rb7+ Kg6 54. Rb6+ Kg7 55. Kg4 Rg2+
56. Kh5 Rf2 57. Rb7+ Kg8 58. Ne5 Ra2 59. Kh6 Ra6+ 60. Ng6 Ra7 61. Ne7+  1-0

[Event "Summer Prague Open 2023 - A"]
[Site "Olympik hotel, Sokolovska 138, Praha"]
[Date "2023.08.10"]
[Round "8"]
[Board "14"]
[White "Kulhanek, Tomas"]
[Black "Vanduyfhuys, Daria"]
[Result "1-0"]
[WhiteElo "2328"]
[BlackElo "2097"]
[PlyCount "0"]
[EventDate "2023.08.04"]
[EventRounds "9"]
[EventCountry "CZE"]

1. e4 c5 2. Nf3 d6 3. c3 Nf6 4. h3 Nc6 5. Bd3 g6 6. Bc2 Bg7 7. d4 cxd4 8. cxd4 d5
9. e5 Ne4 10. O-O O-O 11. Nc3 Nxc3 12. bxc3 Qc7 13. Re1 b6 14. Bb3 Rd8 15. Ng5 e6
16. Ba3 h6 17. Nf3 Ba6 18. Bd6 Qc8 19. h4 Bc4 20. Bc2 Bf8 21. Bxf8 Rxf8 22. h5 Kg7
23. Nh2 Ne7 24. Ng4 Rh8 25. Nf6 Ng8 26. Re3 Nxf6 27. exf6+ Kxf6 28. hxg6 fxg6 29.
Qf3+ Ke7 30. Qg3 Qd7 31. Rae1 Raf8 32. Bxg6 Rf6 33. Bf5 Rhf8 34. Rxe6+ Rxe6 35. Bxe6
Qxe6 36. Qc7+ Kf6 37. Rxe6+ Kxe6 38. Qxa7 b5 39. Qb6+ Kd7 40. Qxh6 Ra8 41. Qg7+ Kc6
42. Qf6+ Kb7 43. a3  1-0

[Event "Summer Prague Open 2023 - A"]
[Site "Olympik hotel, Sokolovska 138, Praha"]
[Date "2023.08.10"]
[Round "8"]
[Board "15"]
[White "Camarena Jimenez, Rufino"]
[Black "Zakarian, Dimitrios Levon"]
[Result "1-0"]
[WhiteElo "2308"]
[BlackElo "2022"]
[PlyCount "0"]
[EventDate "2023.08.04"]
[EventRounds "9"]
[EventCountry "CZE"]

1. d4 Nf6 2. c4 e6 3. Nf3 b6 4. a3 Ne4 5. g3 Bb7 6. Bg2 g6 7. O-O Bg7 8. Qd3 O-O
9. Nfd2 Nd6 10. e4 e5 11. dxe5 Bxe5 12. f4 Bg7 13. Nc3 a5 14. Rb1 Na6 15. b4 axb4
16. axb4 Re8 17. Nd5 c6 18. Ne3 Qc7 19. e5 Nc8 20. Ne4 c5 21. Nd5 Bxd5 22. Qxd5 Ra7
23. bxc5 Nxc5 24. Nxc5 Qxc5+ 25. Qxc5 bxc5 26. Be3 Rc7 27. Rfd1 Bf8 28. Rb7 Rxb7
29. Bxb7 Nd6 30. Bd5 Nf5 31. Bf2 d6 32. exd6 Bxd6 33. g4 Nd4 34. Bxd4 cxd4 35. Kg2
Bxf4 36. Rxd4 g5 37. Bf3 Re5 38. h4 h6 39. hxg5 hxg5 40. Be4 Kf8 41. Kf3 Ke7 42.
Rd1 Ra5 43. Bf5 Rc5 44. Bd3 f6 45. Ke4 Be5 46. Rb1 Ra5 47. Rb6 Ba1 48. Bc2 Re5+ 49.
Kd3 f5 50. Rb1 Ra5 51. gxf5 Kf6 52. Ke4 Re5+ 53. Kf3 Bd4 54. Be4 g4+ 55. Kf4 g3 56.
Rd1 Bc5 57. Rd2 Re7 58. Ra2 Bf2 59. Ra6+ Kf7 60. Bd5+ Kf8 61. f6  1-0

[Event "Summer Prague Open 2023 - A"]
[Site "Olympik hotel, Sokolovska 138, Praha"]
[Date "2023.08.10"]
[Round "8"]
[Board "16"]
[White "Schletter, Felix"]
[Black "Daeschler, Florian"]
[Result "1-0"]
[WhiteElo "2094"]
[BlackElo "2225"]
[PlyCount "0"]
[EventDate "2023.08.04"]
[EventRounds "9"]
[EventCountry "CZE"]

1. e4 e5 2. Nf3 Nc6 3. Bb5 a6 4. Ba4 Nf6 5. O-O Be7 6. d3 b5 7. Bb3 d6 8. a3 O-O
9. Nc3 Na5 10. Ba2 Be6 11. b4 Bxa2 12. Rxa2 Nc6 13. Bg5 Qd7 14. Bxf6 Bxf6 15. Nd5
a5 16. Rb2 axb4 17. axb4 Bd8 18. c4 Kh8 19. Qc2 f5 20. cxb5 Na7 21. Ra2 Qxb5 22.
Rfa1 c6 23. Ne3 fxe4 24. dxe4 Qb7 25. Ra6 Bb6 26. Qa4 d5 27. exd5 cxd5 28. Nxd5 Qxd5
29. Rxb6 Nb5 30. Ra6 Rxa6 31. Qxa6 e4 32. Ne1 Qd4 33. Qa2 e3 34. Nf3 exf2+ 35. Kh1
Nc3 36. Qd2 f1=Q+ 37. Rxf1 Rxf3 38. Rxf3  1-0

[Event "Summer Prague Open 2023 - A"]
[Site "Olympik hotel, Sokolovska 138, Praha"]
[Date "2023.08.10"]
[Round "8"]
[Board "17"]
[White "Schloffer, Jasmin-Denise"]
[Black "Vecera, Dominik"]
[Result "1-0"]
[WhiteElo "2084"]
[BlackElo "2218"]
[PlyCount "0"]
[EventDate "2023.08.04"]
[EventRounds "9"]
[EventCountry "CZE"]

1. d4 Nf6 2. c4 c5 3. d5 b5 4. Nf3 g6 5. Qc2 Bg7 6. e4 O-O 7. cxb5 a6 8. a4 Bb7 9.
Nc3 e6 10. Be2 exd5 11. exd5 d6 12. O-O axb5 13. Bxb5 Na6 14. Bg5 Nb4 15. Qd2 Qa5
16. Qf4 Nfxd5 17. Nxd5 Nxd5 18. Qxd6 h6 19. Bd2 Qc7 20. Qxc7 Nxc7 21. Bc3 Nxb5 22.
axb5 Rfb8 23. Be5 Bxe5 24. Nxe5 Be4 25. Nd7 Rxa1 26. Rxa1 Rxb5 27. Nf6+ Kg7 28. Nxe4
Rxb2 29. Nxc5 Rb5 30. Rc1 Kf6 31. Ne4+ Kg7 32. g3 Rb7 33. Kg2 Re7 34. Kf3 Ra7 35.
Rc3 Rb7 36. Nd6 Rb6 37. Ne4 Rb7 38. Rc6 Ra7 39. g4 Rb7 40. h4 Ra7 41. g5 hxg5 42.
hxg5 Ra8 43. Nf6 Rb8 44. Rc7 Ra8 45. Rd7 Rb8 46. Ne4 Kg8 47. Kf4 Ra8 48. Nd6 Ra4+
49. Kg3  1-0

[Event "Summer Prague Open 2023 - A"]
[Site "Olympik hotel, Sokolovska 138, Praha"]
[Date "2023.08.10"]
[Round "8"]
[Board "18"]
[White "Wilks, Simon"]
[Black "Hinterreiter, Markus"]
[Result "1/2-1/2"]
[WhiteElo "2062"]
[BlackElo "2206"]
[PlyCount "0"]
[EventDate "2023.08.04"]
[EventRounds "9"]
[EventCountry "CZE"]

1. e4 e6 2. d4 d5 3. Nc3 Bb4 4. e5 c5 5. Bd2 Ne7 6. Nb5 Bxd2+ 7. Qxd2 O-O 8. f4 Bd7
9. dxc5 Bxb5 10. Bxb5 a5 11. c3 a4 12. Nf3 Qa5 13. Nd4 Nbc6 14. Bxc6 Nxc6 15. O-O
Nxd4 16. Qxd4 Rfc8 17. Rf3 g6 18. Raf1 Qxc5 19. Rd1 Ra5 20. Qxc5 Raxc5 21. a3 Rb5
22. Rf2 Rc4 23. Kf1 h6 24. Rd3 Re4 25. Rd4 Rxd4 26. cxd4 Rb3 27. Ke1 g5 28. fxg5
hxg5 29. Kd1 g4 30. g3 Rd3+ 31. Rd2 Re3 32. Kc2 Rf3 33. Rd3 f6 34. Rxf3 gxf3 35.
Kd3 fxe5 36. dxe5 d4 37. g4 Kg7 38. h4 Kg6 39. Kd2 Kh6 40. Kd3 Kg6 41. Kd2 Kg7 42.
Kd3 Kh6 43. Kd2 Kg6  1/2-1/2

[Event "Summer Prague Open 2023 - A"]
[Site "Olympik hotel, Sokolovska 138, Praha"]
[Date "2023.08.10"]
[Round "8"]
[Board "19"]
[White "Matthaei, Jakob"]
[Black "Jordanov, Mihail"]
[Result "0-1"]
[WhiteElo "2051"]
[BlackElo "2152"]
[PlyCount "0"]
[EventDate "2023.08.04"]
[EventRounds "9"]
[EventCountry "CZE"]

1. e4 e5 2. Nf3 Nc6 3. Bb5 a6 4. Ba4 Nf6 5. O-O Be7 6. Re1 b5 7. Bb3 d6 8. c3 O-O
9. h3 Na5 10. Bc2 c5 11. d4 Nd7 12. Nbd2 exd4 13. cxd4 Nc6 14. Nf1 Bf6 15. Be3 Bb7
16. Ng3 g6 17. Ne2 Re8 18. Nc3 cxd4 19. Nxd4 Nc5 20. Nd5 Bg7 21. f3 Ne5 22. Bf2 Nc4
23. Rb1 Bxd5 24. exd5 Qg5 25. Be4 Nxe4 26. fxe4 Rac8 27. Nf3 Qf4 28. Qe2 f5 29. e5
dxe5 30. b3 Na3 31. Be3 Qe4 32. Rbd1 Nc2 33. Bb6 Nxe1 34. Qxe1 Qxe1+ 35. Nxe1 Bf6
36. d6 Bd8 37. d7 Bxb6+ 38. Kf1 Kf7 39. Rd6 Bc5 40. Rxa6 Red8 41. dxc8=Q Rxc8 42.
Ra5 Rb8 43. a4 Bb4 44. Ra7+ Kf6 45. Rxh7 bxa4 46. bxa4 Bxe1 47. Kxe1 Ra8 48. Rb7
Rxa4 49. Rb6+ Kg5 50. Re6 Ra2 51. Kf1 e4 52. h4+ Kh5 53. Kg1 g5 54. hxg5 Kxg5 55.
Rb6 Kf4 56. Rb4 Ke3 57. g3 Kf3 58. Rb3+ e3 59. Rc3 Rg2+ 60. Kf1 Rxg3  0-1

[Event "Summer Prague Open 2023 - A"]
[Site "Olympik hotel, Sokolovska 138, Praha"]
[Date "2023.08.10"]
[Round "8"]
[Board "20"]
[White "Ehrig, Leon Chris"]
[Black "Haase, Pavel"]
[Result "0-1"]
[WhiteElo "1981"]
[BlackElo "2124"]
[PlyCount "0"]
[EventDate "2023.08.04"]
[EventRounds "9"]
[EventCountry "CZE"]

1. e4 c5 2. Nf3 d6 3. d4 cxd4 4. Nxd4 g6 5. Nc3 Bg7 6. Be3 Nc6 7. Qd2 Nf6 8. f3 h5
9. h4 Bd7 10. O-O-O a6 11. Kb1 Ne5 12. Be2 b5 13. Nd5 Nxd5 14. exd5 Rc8 15. g4 Nc4
16. Bxc4 bxc4 17. c3 hxg4 18. h5 gxh5 19. fxg4 Bxg4 20. Rdg1 Qd7 21. Ka1 Rg8 22.
Qc2 Bxd4 23. Bxd4 Rg5 24. Re1 Rxd5 25. Bf6 e5 26. Rhf1 Rd3 27. Qh2 Rc5 28. Qh4 Qe6
29. Qg5 Kd7 30. Qg7 Rf3 31. Rxf3 Bxf3 32. Qh8 Qe8 33. Qg7 Bg4 34. Rf1 Rd5 35. Bh4
Kc6 36. a3 f5 37. Qa7 Qc8 38. Qf7 f4 39. Bf2 Qd7 40. Qg8 Qc8 41. Qf7 Qd7 42. Qg8
Be6 43. Qa8+ Qb7 44. Qe8+ Bd7 45. Qg8 Qc8 46. Qg6 Rd2 47. Qe4+ Kb5 48. b3 Bf5 49.
a4+ Ka5 50. Qg2 Rd3 51. Rb1 cxb3 52. Rxb3 Rd1+ 53. Ka2 Rd2+ 54. Ka3 Rxf2 55. Qxf2
Qc5+ 56. Qxc5+ dxc5 57. Rb8 f3 58. Rf8 Bg4 59. Kb3 h4 60. Kc2 h3  0-1

[Event "Summer Prague Open 2023 - A"]
[Site "Olympik hotel, Sokolovska 138, Praha"]
[Date "2023.08.11"]
[Round "9"]
[Board "1"]
[White "Kolodziejski, Piotr"]
[Black "Itgelt, Khuyagtsogt"]
[Result "1/2-1/2"]
[WhiteElo "2116"]
[BlackElo "2397"]
[PlyCount "0"]
[EventDate "2023.08.04"]
[EventRounds "9"]
[EventCountry "CZE"]

1. e4 e6 2. d4 d5 3. Bd3 dxe4 4. Bxe4 Nf6 5. Bf3 c5 6. Ne2 Nc6 7. Be3 cxd4 8. Nxd4
Ne5 9. Nc3 Bb4 10. O-O Bxc3 11. bxc3 Nd5 12. Bd2 O-O 13. Be4 f5 14. Bd3 Qc7 15. Qe1
Bd7 16. c4 Nf6 17. Kh1 Nxd3 18. cxd3 e5 19. Nb3 e4 20. Qe3 Rfe8 21. Qc5 Rac8 22.
Qxc7 Rxc7 23. Bf4 Rcc8 24. dxe4 Rxc4 25. Be3 Nxe4 26. Bxa7 Ra4 27. Be3 Rea8 28. f3
Nf6 29. Nc5 Rxa2 30. Rxa2 Rxa2 31. Nxb7  1/2-1/2

[Event "Summer Prague Open 2023 - A"]
[Site "Olympik hotel, Sokolovska 138, Praha"]
[Date "2023.08.11"]
[Round "9"]
[Board "2"]
[White "Walek, Petr"]
[Black "Pulpan, Jakub"]
[Result "0-1"]
[WhiteElo "2219"]
[BlackElo "2417"]
[PlyCount "0"]
[EventDate "2023.08.04"]
[EventRounds "9"]
[EventCountry "CZE"]

1. e4 e5 2. Nf3 Nc6 3. d4 exd4 4. Nxd4 Bc5 5. Be3 Qf6 6. c3 Nge7 7. Bc4 b6 8. O-O
Bb7 9. Nb5 Rc8 10. b4 Ne5 11. bxc5 Nxc4 12. Bd4 Qg6 13. Nxa7 Ra8 14. cxb6 cxb6 15.
Nb5 O-O 16. f3 d5 17. Nc7 Rac8 18. Nxd5 Bxd5 19. exd5 Nxd5 20. Qc1 Rfe8 21. Na3 Nce3
22. Rf2 Nf5 23. Qc2 Nf4 24. Kh1 Qg5 25. Qd2 Qh4 26. Kg1 Re6 27. g3 Rg6 28. Be5 Nxg3
29. Qd7 Ne4+  0-1

[Event "Summer Prague Open 2023 - A"]
[Site "Olympik hotel, Sokolovska 138, Praha"]
[Date "2023.08.11"]
[Round "9"]
[Board "3"]
[White "Pap, Gyula"]
[Black "Kwon, Sehyun"]
[Result "1-0"]
[WhiteElo "2429"]
[BlackElo "2274"]
[PlyCount "0"]
[EventDate "2023.08.04"]
[EventRounds "9"]
[EventCountry "CZE"]

1. e4 c5 2. Nc3 Nc6 3. Nf3 e5 4. Bc4 g6 5. d3 h6 6. a3 Bg7 7. b4 d6 8. Be3 b6 9.
Qb1 Nge7 10. Qb3 O-O 11. h4 Nd4 12. Bxd4 cxd4 13. Nd5 Bb7 14. h5 g5 15. Ng1 Rc8 16.
Nxe7+ Qxe7 17. Ne2 d5 18. Bxd5 Bxd5 19. Qxd5 Rxc2 20. Ra2 Rc7 21. Ra1 Qe6 22. Qb5
Qb3 23. O-O Rc2 24. Rfb1 Rb2 25. Rxb2 Qxb2 26. Re1 Qxa3 27. Ng3 a5 28. Rb1 a4 29.
Nf5 Qc3 30. Qxa4 Qxd3 31. Rc1 Qxe4 32. Qd7 Qa8 33. Ne7+ Kh8 34. Rc7 e4 35. Ng6+ Kg8
36. Nxf8 Qa1+ 37. Kh2 Be5+ 38. g3 Bxc7 39. Ng6 Bxg3+ 40. Kg2 Kg7 41. Qd8  1-0

[Event "Summer Prague Open 2023 - A"]
[Site "Olympik hotel, Sokolovska 138, Praha"]
[Date "2023.08.11"]
[Round "9"]
[Board "5"]
[White "Vedder, Henk"]
[Black "Ahn, Hongjin"]
[Result "1-0"]
[WhiteElo "2326"]
[BlackElo "2240"]
[PlyCount "0"]
[EventDate "2023.08.04"]
[EventRounds "9"]
[EventCountry "CZE"]

1. e4 c5 2. Nf3 Nc6 3. Bb5 g6 4. O-O Bg7 5. c3 Nf6 6. Qe2 O-O 7. d4 d5 8. exd5 Qxd5
9. Bxc6 bxc6 10. Qxe7 Ba6 11. Qxc5 Qxc5 12. dxc5 Bxf1 13. Kxf1 Ne4 14. Nd4 Bxd4 15.
cxd4 Rad8 16. Be3 f5 17. g3 g5 18. Nc3 f4 19. gxf4 gxf4 20. Nxe4 fxe3 21. f3 Rxf3+
22. Ke2 Rh3 23. Rg1+ Kf8 24. Nd6 Rd7 25. b4 Rxh2+ 26. Kxe3 Rxa2 27. b5 cxb5 28. Nxb5
a6 29. Nd6 a5 30. Ke4 a4 31. Kd5 Rc2 32. Rf1+ Kg8 33. Kc6 Re7 34. Ra1 Ra7 35. Ra3
Rb2 36. d5 Rb3 37. Ra2 a3 38. Nc4 Ra6+ 39. Nb6 Rb2 40. Ra1 a2 41. d6 Ra7 42. d7 Rd2
43. Kb5 h5 44. c6 Kg7 45. Rxa2 Raxa2 46. c7 Rab2+ 47. Kc5 Rxd7 48. c8=Q Rc2+ 49.
Nc4 Rd1 50. Qc7+ Kh8 51. Qe5+ Kg8 52. Qg5+  1-0